000
00301nam a22001337a 4500
008
170419b xxu||||| |||| 00| 0 eng d
020
_a
9780838562420
041
_a
eng
080
_2
3 ED
_a
579
100
_a
11
101
_a
SHM
245
_a
MEDICAL MICROBIOLOGI
_c
LEVINSON.W.E
942
_2
udc
_c
BK
999
_c
11221
_d
11221